شرح و تعليق على القانون رقم 7 لسنة 2000 بشأن لجان التوفيق في بعض المنازعات : (Record no. 27103)
[ view plain ]
| 000 -الفاتح | |
|---|---|
| حقل البيانات ثابتة الطول | 02265nam a22002895a 4500 |
| 003 - محدد رقم الضبط | |
| رقم الضبط | EG-ScBUE |
| 005 - وقت وتاريخ اخر تعامل مع التسجيلة | |
| رقم الضبط | 20190210141338.0 |
| 008 - عناصر البيانات ثابتة الطول - معلومات عامة | |
| حقل البيانات ثابتة الطول | 190210s2015 ua frb 000 0 ara d |
| 040 ## - مصدر الفهرسة | |
| وكالة الفهرسة الأصلية | EG-ScBUE |
| لغة الفهرسة | ara |
| وكالة النسخ | EG-ScBUE |
| وكالة التعديل | EG-ScBUE |
| 043 ## - رمز المنطقة الجغرافية | |
| رمز المنطقة الجغرافية | f-ua--- |
| 082 04 - رقم تصنيف ديوى العشرى | |
| رقم التصنيف | 342.62066 |
| رقم المادة | س ك ي |
| رقم الطبعة | 22 |
| 100 1# - المدخل الرئيسى - إسم شخصى | |
| الإسم الشخصى | سكيكر، محمد علي. |
| 245 10 - بيان العنوان | |
| العنوان | شرح و تعليق على القانون رقم 7 لسنة 2000 بشأن لجان التوفيق في بعض المنازعات : |
| بقية العنوان | في ضوء التشريع و الفقه و القضاء / |
| بيان المسئوليه,etc | محمد علي سكيكر. |
| 250 ## - بيان الطبعة | |
| بيان الطبعة | ط. 1، مزيدة و منقحة. |
| 260 ## - PUBLICATION, DISTRIBUTION, ETC. (IMPRINT) | |
| مكان الناشر او الموزع | [القاهرة] : |
| اسم الناشر او الموزع | نادي القضاة، |
| تاريخ النشر أو التوزيع | 2015. |
| 300 ## - الوصف المادى | |
| التعداد | 324 ص. ؛ |
| أبعاد الوعاء | 24 سم. |
| 504 ## - تبصرة ببليوجرافية | |
| تبصرة ببليوجرافية,الخ | يشتمل على إرجاعات ببليوجرافية. |
| 505 0# - تبصرة محتويات-الفهرس | |
| تبصرة المحتويات المصاغة | شرح مواد القانون و مذكرته افيضاحية و أعماله التحضيرية - شرح القرارات الوزارية التنفيذية و التنظيمية الصادرة من المستشار وزير العدل - بيان مدى انطباق قواعد قانون المرافعات المدنية و التجارية على نظام التوفيق في بعض المنازعات - بيان الكتب الدورية الصادرة من المستشار مساعد وزير العدل لشئون لجان التوفيق في المنازعات - دليل شامل للجهات الإدارية التي يوجد بها لجان للتوفيق و مقر و اختصاص كل منها - بيان صيغ الطلبات و الاخطارات و محاضر الجلسات ورول رؤساء اللجان و ملف التوفيق - الأحكام الصادرة من المحكمة الدستورية بشأن لجان التوفيق في المنازعات. |
| 541 ## - تبصرة المصدر المباشر للتزويد | |
| مصدر التزويد | د. أحمد حمد ؛ |
| طريقة التزويد | إهداء ؛ |
| 610 17 - المدخل الاضافى بالموضوع-اسم هيئة | |
| اسم الهيئة أو اسم السلطة كمدخل | مصر. |
| وحده ملحقة | المحكمة الدستورية. |
| مصدر الرأس أو المصطلح | BUEsh |
| 650 #7 - المدخل الاضافى بالموضوع-مصطلح موضوعى | |
| مصطلح موضوعي أو اسم جغرافي كعنصر مدخل | المنازعات الإدارية |
| التقسيم الفرعي العام | قوانين وتشريعات |
| التقسيم الفرعي الجغرافي | مصر. |
| مصدر الرأس أو المصطلح | BUEsh |
| 650 #7 - المدخل الاضافى بالموضوع-مصطلح موضوعى | |
| مصطلح موضوعي أو اسم جغرافي كعنصر مدخل | قانون المرافعات المدنية و التجارية |
| التقسيم الفرعي الجغرافي | مصر. |
| مصدر الرأس أو المصطلح | BUEsh |
| 650 #7 - المدخل الاضافى بالموضوع-مصطلح موضوعى | |
| مصطلح موضوعي أو اسم جغرافي كعنصر مدخل | المنازعات الإدارية (فقه إسلامي) |
| مصدر الرأس أو المصطلح | BUEsh |
| 651 ## - المدخل الاضافى بالموضوع - اسم جغرافى | |
| مصدر الرأس أو المصطلح | BUEsh |
| 653 ## - مصطلح تكشيفى غير مقيد | |
| Resource For college | Law |
| Arrived date list | February2019 |
| 942 ## - عناصر المدخل الإضافي( كوها) | |
| مصدر التصنيف او مخطط الترفيف | Dewey Decimal Classification |
| حالة التراجع | حالة الفقد | مصدر التصنيف او خطة الترفيف | حالة تلف | ليس للاعارة | مجموعات كوها | المكان الدائم | المكان الحالي | موقع الترفيف | تاريخ الاكتساب | Source of acquisition | رقم الاستدعاء | الباركود | Date last seen | مُعار | تبصرة غير عامة( المفوع للعناصر المفقوده) | نوع الوعاء |
|---|---|---|---|---|---|---|---|---|---|---|---|---|---|---|---|---|
| Dewey Decimal Classification | Donation-Gift | Central Library | Central Library | First floor | 10/02/2019 | Donation | 342.62066 س ك ي | 000044168 | 15/07/2025 | 19/11/2023 | إهداء من د. أحمد حمد | Book - Borrowing |